Представление документа в формате MARC21

Поле Инд. ПП Название Значение
Тип записи a
Библиографический уровень a
001 Контрольный номер RU/IS/BASE/262108660
005 Дата корректировки 20231206143114.4
084 a Индекс другой классификации/Индекс ББК 63.52(2=Рус); 60.7(2)6
090 00 a Полочн. индекс 63.5(2=Рус)
x Авторский знак Р 893
100 10 a Автор Власова И. В.
245 00 a Заглавие Этнодемографическое развитие с 1917 по 1990-е годы
650 04 a Основная рубрика демография
a Основная рубрика исторические науки
a Основная рубрика этнология (этнография)
653 00 a Ключевые слова XX век
a Ключевые слова ассимиляция
a Ключевые слова городское население
a Ключевые слова движение населения
a Ключевые слова демографические процессы
a Ключевые слова депопуляция
a Ключевые слова деэтнизация
a Ключевые слова миграции
a Ключевые слова население
a Ключевые слова национальная политика (этнополитика)
a Ключевые слова новейшее время
a Ключевые слова половой состав населения
a Ключевые слова принудительная миграция
a Ключевые слова расселение
a Ключевые слова рождаемость
a Ключевые слова Россия
a Ключевые слова русские
a Ключевые слова русский этнос
a Ключевые слова сельское население
a Ключевые слова смертность
a Ключевые слова сословный состав
a Ключевые слова состав населения
a Ключевые слова статистика
a Ключевые слова статистика населения
a Ключевые слова численность населения
a Ключевые слова этнические процессы
a Ключевые слова этнический состав населения
a Ключевые слова этнодемографическое развитие
773 00 d Дата издания источника Москва, 1999
g Прочая информация С. 124-140
t Заглавие источника Русские
w Контрольный № источника RU/IS/BASE/102094566
901 t Тип документа a